The Owl House Episode Names - Statistics

General Stats
  • This quiz has been taken 258 times
    216 since last reset
  • The average score is 24 of 43
Answer Stats
Hint Answer % Correct
Luz works to save to isles from The Collector and Belos. Watching And Dreaming
87%
Luz, Amity, Willow, Gus, and Hunter try to return to the demon realm. Thanks to Them
84%
Luz, and friends race against Belos to confront the Collector. For The Future
81%
Everyone is saved, but the Collector is unleashed. King's Tide
73%
Luz finds a portal to the Demon Realm. A Lying Witch And A Warden
72%
Hunter and Luz go inside Belos's mind. Hollow Mind
72%
Amity, Eda, and King go to Eclipse Lake to get titan's blood for Luz. Eclipse Lake
69%
Luz has a Witch's Duel With Amity. Covention
66%
Eda works with Raine Whispers to help wild witches. Eda's Requiem
66%
Luz gets tricked by a "Wizard." Witches Before Wizards
66%
Luz sneaks into Hexside. I Was a Teenage Abomination
64%
Luz teams with Hunter to protect the palisman. Hunting Palismen
63%
Luz, Willow, and Gus bring The Owl House to life! Hooty's Moving Hassle
61%
Luz, Willow, and Gus are expelled from Hexside. Escaping Expulsion
60%
Amity and Luz go into Willow's mind. Understanding Willow
60%
It's Hexside's version of Prom! Enchanting Grom Fright
59%
Hooty tries to help all the residents of The Owl House. Knock Knock Knockin' on Hooty's Door
59%
Luz's first day at Hexside. The First Day
58%
Luz makes a portal to the human realm. Yesterday's Lie
56%
Luz saves Eda from Petrification. Young Blood, Old Souls
56%
Luz tries to steal the healing hat from the emperor's castle. Agony of a Witch
55%
Luz helps Kikimora with her problems. Follies at the Coven Day Parade
55%
Luz finds her first Glyph! The Intruder
55%
Eda tells the story of how Raine and her met. Them's the Breaks, Kid
55%
Luz, and Amity's siblings cause trouble at the Bonesborough Library. Lost in Language
54%
Luz, King, Willow, and Gus shrink to a really small size. Really Small Problems
53%
Luz tries to warn others about the day of unity. Clouds on the Horizon
52%
Luz, Amity, and Willow play Grudgby. Wing It Like Witches
51%
Hunter infiltrates Hexside looking for new recruits. Any Sport in a Storm
50%
Luz, Eda, and King switch bodies. Once Upon a Swap
49%
Amity enters the Bonesborough Brawl. Reaching Out
49%
Gus teams up with Glandus students to get something called the Galderstones. Through the Looking Glass Ruins
49%
Luz becomes a bounty hunter. Separate Tides
48%
Luz, Lilith, Hooty, and King visit King's "Castle." Echoes of the Past
47%
The illusionist head witch infiltrates Hexside trying to put sigils on everyone. Labyrinth Runners
45%
Owlbert Runs away. Escape of the Palisman
44%
Eda's mom visits and tries to heal Eda's curse. Keeping Up A-Fear-Ances
44%
Luz and Lilith find a time pool and meet Philip Wittebane. Elsewhere and Elsewhen
43%
Luz, King, and Hooty go to the Titan Trappers island. Edge of the World
41%
Luz discovers her second glyph! Adventures in the Elements
40%
Gus sneaks Luz back into Hexside. Something Ventured, Someone Framed
38%
Everyone prepares for the day of unity. O Titan, Where Art Thou
37%
King becomes a bestselling author. Sense and Insensitivity
35%
No matching quizzes found
Score Distribution
Percent of People with Each Score
Percentile by Number Answered
Your Score History
You have not taken this quiz since the last reset